00837nam a22001697a 4500020001800000041000800018082001700026100001400043245025000057260002300307300000800330650008500338942000700423952011000430952011000540999001700650 a9789388945141 aENG a266.009bSHI aShiri, G. aLet my people go : a glimpse into to the history of Christian community in Chamarajanagara villages, Karnataka (1908-1947) & present challenges, includes an account on the life and work of legendary Wesleyan missionary Rev. George William Sawday aDelhibISPCKc2019 a230 aMissionsaIndia--Chamrajnagara (District)aSawday, George William, -- 1854-1944. cBK 00104070aHMIbHMIcGENd2020-06-12eISPCKg225.00l0o266.009 SHIp11-4429r2020-06-12w2020-06-12yBK 00104070aHMIbHMIcGENd2020-06-12eISPCKg225.00l0o266.009 SHIp11-4430r2020-06-12w2020-06-12yBK c22973d22973